| 000 | 00883nac a22002411u 4500 | ||
|---|---|---|---|
| 010 | _a 2007277239 | ||
| 020 | _a9781423901280 : | ||
| 020 | _a1423901282 : | ||
| 082 | 0 | 0 |
_a005.133 _bFAR |
| 090 |
_c8712 _d8712 |
||
| 100 | _aFarrell, Joyce. | ||
| 245 | 1 | 0 |
_aJava programming / _cJoyce Farrell. |
| 250 | _a4th ed. | ||
| 260 |
_aBoston, Mass. : _bThompson Course Technology,2008. _cc2008. |
||
| 300 |
_axxv, 811 p. : _bill. ; _c23 cm. + _e1 CD-ROM (4 3/4 in.) |
||
| 500 | _aIncludes index. | ||
| 500 | _a Distributer: Bacca | ||
| 511 | _aCatalogued by: Sara | ||
| 650 | 0 | _aJava (Computer program language) | |
| 856 | 4 | 1 |
_3Table of contents only _uhttp://www.loc.gov/catdir/toc/fy0714/2007277239.html |
| 942 |
_cBB _k005.133FAR |
||
| 999 |
_c8712 _d8712 |
||